000 00381nam a2200145Ia 4500
008 230917s9999||||xx |||||||||||||| ||und||
040 _e161548
_aMAIN
041 _aEnglish
082 _a660.60243637 J349E
100 _aJee, Chandrawati
245 0 _aEnvironmental biotechnology
260 _aNew Delhi
_bAPH Publishing Corporation
_c2007
300 _avi, 280 p.
942 _cBK
999 _c155469
_d155469